Čokoláda prináša radosť

Hnedé zlato-kakao, komodita s ktorou sa obchoduje na burze. Kakaovník, zdroj kakaových bôbov, je základnou ingredienciou na výrobu čokolády. Podmienky na pestovanie kakaových bôbov. Výroba a obchod s čokoládou.

Saved in:
Bibliographic Details
Main Author: Savoj, Iľja
Format: Book Chapter
Language:Slovak
Subjects:
Tags: Add Tag
No Tags, Be the first to tag this record!

MARC

LEADER 00000naa a2200000 4500
001 0134293
005 20231019092041.5
041 0 |a slo 
044 |a SK 
245 1 0 |a Čokoláda prináša radosť  |c Iľja Savoj 
520 |a Hnedé zlato-kakao, komodita s ktorou sa obchoduje na burze. Kakaovník, zdroj kakaových bôbov, je základnou ingredienciou na výrobu čokolády. Podmienky na pestovanie kakaových bôbov. Výroba a obchod s čokoládou. 
610 2 0 |a obeh tovaru medzinárodný 
610 2 0 |a plodiny tropické 
610 2 0 |a obchody burzové 
610 2 0 |a komodity 
610 2 0 |a kakao 
610 2 0 |a čokoláda 
610 2 0 |a výroba 
610 2 0 |a predaj 
610 2 0 |a spotreba 
610 2 0 |a skladovanie 
610 2 0 |a ceny 
100 1 |a Savoj, Iľja